Penguins by Picture - Statistics

General Stats
  • This quiz has been taken 87 times
  • The average score is 7 of 18
Answer Stats
Picture Answer % Correct
Emperor Penguin
100%
Little penguin
77%
Chin-strap Penguin
67%
King Penguin
67%
Gentoo Penguin
53%
African Penguin
52%
Rockhopper Penguin
50%
Macaroni Penguin
42%
Adelie Penguin
38%
Penguins of Madagascar
37%
Yellow-eyed Penguin
35%
Galapagos Penguin
25%
Humboldt Penguin
25%
Magellanic Penguin
15%
Royal Penguin
12%
Fiordland Penguin
10%
Snares Penguin
8%
Erect-Crested Penguin
3%
No matching quizzes found
Score Distribution
Percent of People with Each Score
Percentile by Number Answered
Your Score History
You have not taken this quiz